MDQL
is popping MORE tags! Check the
thread
!
Quizzes
Events
Quiz Creation
Community
Videos
Private Events
Remove Ads
Sign In
Join for FREE
Feedback
Dark Mode
Quiz Categories
Sports
Geography
Music
Movies
Television
Just For Fun
Miscellaneous
History
Literature
Language
Science
Gaming
Entertainment
Religion
Holiday
For Kids
Quiz Lab
Recent
Popular Today
Quiz Kudos Today
Editor Picks
Curator Picks
Quizzes by...
Day
Popularity
Type
Ratings
Length
Year
Community
Subscriptions
Recent Discussions
Orange Saloon
Badges
Playlists
Quests
Create
Leaderboards
Showdown
Live 5
Trivia Bingo
Activity
Puzzle Library
Sporcle Events
Private Events
Virtual Trivia
Globe League
Become a Host
Pub Owners
SporcleCon
Opinionation
Our Games
Videos
Blog
Mobile Apps
Partnerships
Remove Ads and Go Orange
Feedback
Television
TV Characters
TV Show
Sitcom
Network
Friends
Reality Shows
Cast
South Park
Star Trek
The Simpsons
Doctor Who
Television
TV Characters
TV Show
Sitcom
Network
Friends
Reality Shows
Cast
South Park
Star Trek
The Simpsons
Doctor Who
Random Quiz
Search Sporcle
×
Quiz Lab
Quiz Lab
Television
Clickable
Select answers by clicking on text or image buttons
Select answers by clicking on text or image buttons
Clickable
Best Score? Go Orange.
Lost: What about me? Stats
Can you name the extremely minor Lost characters?
By
TallerGhostWalt
20m
108 Questions
354 Plays
354 Plays
354 Plays
Comments
Comments
Give Quiz Kudos
Give Quiz Kudos
-
- Ratings
hide this ad
Forced Order
Answers have to be entered in order
Answers have to be entered in order
Replay
Link that replays current quiz
Next Quiz
Link to next quiz in quiz playlist
You Got
0%
They Got
Avg Score
44%
Avg Friend Score
Upgrade to see
Score Distribution
Jump to the score distribution portion of the page
Score
0/108
Timer
20:00
0
Plays Today
% Correct
Arturo
76%
Crissy
66.9%
Arlene and Joseph Stewart
65.8%
Officer Barnes
63.3%
Aldo
61.9%
Starla
60.7%
Yusef & Haddad
59%
Kim Kwan-Hak
57.9%
Paul
57.1%
Bpo Bpo
57.1%
Alvarez
55.9%
Dr. Kim
55.9%
Joanna
55.9%
Jones
54.8%
Justin
53.4%
Jan and Mike
53.4%
Bryan
52.8%
Jenna
52.5%
Robbie Hewitt and Alyssa Cole
52.3%
Mayhew
52%
Henrik and Mathias
52%
Isaac of Uluru
51.7%
JD and Michelle
51.4%
Sabine and Henrietta
50.8%
Goldie and Olu
50.6%
Jill
50.6%
Gordy
50.3%
Brother Campbell
50%
Ruth
49.7%
Travis and Shawna
49.4%
Father Suarez
49.4%
Harris
48.9%
Erika
48.6%
Amelia
48.6%
Sherry
48.3%
Abigail Spencer
48.3%
% Correct
Mr. Tron and Lady Tron
48%
Uncle Doug
48%
Karen
47.7%
Jessica
47.7%
Detective Calderwood
46.6%
Peter Avellino
46.6%
Lila
46.3%
Cunningham
46.3%
Nora
46%
Donald
46%
Jason
45.8%
Efren Salonga
45.5%
Grandpa Tito
45.5%
Mason and Reed
45.2%
Byung Han
45.2%
Sam and Eva
44.9%
Joyce Malkin
44.9%
Sophie
44.6%
Ignacio
44.4%
Jerry and Rosie
44.4%
Nadine
44.1%
Jason McCormack
44.1%
Ishmael Bakir
44.1%
Tae-Soo
43.8%
Nurse Lazenby
43.8%
Nicole
43.2%
Mrs. Gardener
42.7%
Chet
42.7%
Dr. Stillman
42.1%
Tommy
41.8%
Warren Truss
41.8%
Kilo
41.5%
Jimmy Lennon
41.5%
Emeka
41.5%
Kim Kondracki
41.2%
Derek
41%
% Correct
Veronica
40.7%
Francis Heatherton
40.7%
Sami
40.1%
Arthur Galzethron
40.1%
Rachel
39.8%
Dr. Ian McVay
39.8%
Mattingly
39.3%
Julian
38.4%
Howard Gray
38.1%
Adam
38.1%
Dagne
37.9%
Jonas Whitfield
37.9%
Donovan
37.6%
Brandon
37%
Daniel
36.7%
Mary Jo
35.6%
Duncan Forrester
35.3%
Sullivan
35.3%
Mr. Vonner
35%
Melissa Dunbrook
34.7%
Mark Hutton
34.7%
Rob Hamill
34.5%
Felix
34.2%
Simmons
33.9%
Mr. Gellert
33.6%
Jimmy Bane
33.1%
Suzanne Callis
33.1%
Clark Finney
33.1%
Diego
32.2%
Mrs. Arlen
32.2%
Kevin
31.9%
Ivan
30.2%
Opal
29.9%
Lynn Karnoff
27.4%
Lizzie
25.7%
Mr. Caldwell
16.9%
Quiz Playlist
Details
Report
Send in Message
Add To Playlist
Clickable:
Select answers by clicking on text or image buttons
Forced Order:
Answers have to be entered in order
Last Updated: Feb 16, 2017
Quiz Scoreboard
CHALLENGE
Sign Up to Join the Scoreboard
Show All
Scores
Hide
Comments
May contain spoilers
Recently Published
Image Sorting: Flags VI
by Barbecue
Geography
2m
Find the 'City' Movie
by crazypaving
Movies
60s
Colored Red Africa Blitz
by spor1
Geography
45s
More to Explore
Quiz From the Vault
Featured Blog Post
14 Easter Pick-up Lines to Find Eggs With
hide this ad
You Might Also Like...
Tags
Clickable Quiz
Character
Extremely
Lost (ABC)
minor
Today's Top Quizzes in Television
Browse Television
hide this ad
Today's Top Quizzes in Clickable
Browse Clickable
Top Contributed Quizzes in Television
1
Survivor Journey Challenge
2
Brooklyn Nine Nine Logic Puzzle (How-To-Play)
3
Total Drama Characters
4
Phoebe Buffay Quotes
5
Survivor Heroes vs. Villains Logic Puzzle
6
Adjectives in 00s TV Shows
7
Survivor Trivia
8
Game of Thrones: Tywin Lannister Start to Finish
9
Emmerdale Characters (from August 2012)
10
Survivor Logic Puzzle: Heroes vs. Villains
Explore More
Trending Topics
Harry Potter
Kpop
NBA
Marvel
Disney
Crossword
Anime
Soccer
NFL
Pokémon
The Office
Country
Puzzle
WWE
Song
hide this ad
More By:
TallerGhostWalt
Quiz
Plays
Rating
Category
Featured
Created
108 Lost Trivia: For the ones who can't move on
833
4.67
Television
Aug 3, 2012
Lost: Which of these things belong to you already?
644
4.67
Television
Jul 15, 2013
Lost: What about me?
354
5.00
Television
Jan 2, 2015
Lost: Why do you find it so hard to believe?
205
5.00
Television
Feb 21, 2014
108 Lost Quotes
171
5.00
Television
Aug 8, 2012
Go to Creator's Profile
Score Distribution
Quiz Creator Spotlight
TallerGhostWalt
Follow
Send a Message
Quizzes Created
-
Created Quiz Play Count
-
More By This Creator
Popular Quizzes Today
1
Colored Red Africa Blitz
2
Find the US States - No Outlines Minefield
3
Find the 'City' Movie
4
5x2 Blitz: Bands
5
The Countries of the World
6
Find the US States
7
Find the Countries of Europe - No Outlines Minefield
8
US States
More Television Quizzes
The Good Place characters by Death
Quiz Lab
Trending Quizzes
Colored Red Europe Blitz I
Colored Red Europe Blitz II
Colored Red Africa Blitz II
Colored Red Europe Blitz III
Colored Red Africa Blitz III
Recently Updated
How Do You Spell That?
pecheneg
Godzilla Movies
pecheneg
Grab Bag: 4-10 Letters
pecheneg
2024 March Madness Bracket
pecheneg
Famous TV Couples
Peacemaker
Champions League XIs: Real Madrid
pecheneg
Largest US Cities 1790-2010
pecheneg
Rides in Walt Disney World
pecheneg
Most Oscar Losses (Acting)
pecheneg
Beyoncé Albums
pecheneg
Trending Topics
Crossword
NBA
Kpop
Marvel
Anime
Disney
Harry Potter
WWE
Pokémon
NFL
Country
Puzzle
The Office
Soccer
Song
Your Account Isn't Verified!
In order to create a playlist on Sporcle, you need to verify the email address you used during registration. Go to your
Sporcle Settings
to finish the process.
Report this User
Report this user for behavior that violates our
Community Guidelines
.
Details:
Send Report
Go to the Sporcle.com Mobile Site →
Comments